Los mensajes peligrosos /

Guardat en:
Dades bibliogràfiques
Format: Llibre
Idioma:espanyol
Publicat: Caracas, Venezuela : Oficina de Estudios Socioeconómicos, fecha no identificada
Matèries:
Etiquetes: Afegir etiqueta
Sense etiquetes, Sigues el primer a etiquetar aquest registre!

MARC

LEADER 00000nam^a2200000^a^4500
001 000017465
005 20250521000000.0
009 20260310084139.164
037 |a Acervo ITESO - Biblioteca 
041 |a ESP 
082 |a 302. 230987  |b MEN 
245 0 4 |a Los mensajes peligrosos / 
264 1 |a Caracas, Venezuela :  |b Oficina de Estudios Socioeconómicos,  |c fecha no identificada 
300 |a 60 p. 
336 |a texto  |b txt  |2 rdacontenido 
337 |a sin mediación  |b n  |2 rdamedio 
338 |a volumen  |b nc  |2 rdasoporte 
649 |a XX 
650 |a Recepción y Apropiación de la Comunicación -  |z Venezuela 
650 |a Medios de Comunicación -  |z Venezuela 
650 |a Comunicación Masiva -  |z Venezuela 
910 |a Fondo General 
920 |a Impresos - Libros 
930 |a Colección General 
905 |a 101 
901 |a 0174650100  |b IT1  |c ACC  |i 017465  |u 20250521 
902 |a https://opac.biblio.iteso.mx/vufind/Record/000017465